000 00552nam a2200205Ia 4500
003 GCL
008 140319s9999 xx 000 0 ara d
040 _aGCL /
_cGCL
082 0 4 _a843.3
_bف ث
100 1 _aفلوبير غوستاف
245 1 0 _aثلاث قصص /
_cفلوبير غوستاف
700 1 _aايليا نعمان
700 1 _aعبدالحميد الدواخلى
300 _a152 ص
490 _a
650 0 4 _aالادب
650 0 4 _aالادب الفرنسى
650 0 4 _aالقصص الفرنسية
942 _2ddc
_cBK
999 _c38128
_d38128